Statistics for US States without any Recognized Native American Tribes

Click here to take the quiz!

General Stats

  • This quiz has been taken 74 times
  • The average score is 7 of 10

Answer Stats

State% Correct
Hawaii
87%
Kentucky
79%
Ohio
77%
Tennessee
75%
Arkansas
74%
Illinois
70%
New Hampshire
70%
Pennsylvania
68%
Missouri
66%
West Virginia
66%

Score Distribution

Percentile by Number Answered

Percent of People with Each Score

Your Score History

You have not taken this quiz